000 00499nam a2200181Ia 4500
003 GCL
008 140319s9999 xx 000 0 ara d
040 _aGCL /
_cGCL
082 0 4 _aق
_b598
_bم ط
100 1 _aمحمد محمد عنانى
245 1 0 _aطيور مصر /
_cمحمد محمد عنانى
260 _a[S.N] :
_bالهيئة المصرية العامة للكتاب ،
_c1993
300 _a386 ص
490 _a
650 0 4 _aمصر
650 0 4 _aالطيور
942 _2ddc
_cBK
999 _c31007
_d31007